Paper chromatography and electrophoresis /

Saved in:
Bibliographic Details
Main Author: Zweig, Gunter
Other Authors: Whitaker, John R., Block, Richard Joseph, 1906-1962
Format: Book
Language:English
Published: New York : Academic Press, 1967-.
Subjects:
LEADER 01144nam a2200265 i 4500
001 c000306232
003 CARM
005 00000000000000.0
008 840313s1967 nyu 0 eng d
019 1 |a 55586704  |5 LACONCORD2021 
035 |a (OCoLC)335985  |5 LACONCORD2021 
082 0 4 |a 544.925 
100 1 |a Zweig, Gunter. 
245 1 0 |a Paper chromatography and electrophoresis /  |c by Gunter Zweig and John R. Whitaker. 
260 |a New York :  |b Academic Press,  |c 1967-. 
300 |a v. :  |b illus. 
500 |a Designed to replace the 1955 and 1958 editions of a manual of paper chromatography and paper electrophoresis by Block, Durrum, and Zweig. 
500 |a Library has v. 1. Complete in 2 v. 
650 0 |a Paper chromatography. 
650 0 |a Electrophoresis. 
700 1 |a Whitaker, John R. 
700 1 |a Block, Richard Joseph,  |d 1906-1962.  |t Manual of paper chromatography and paper electrophoresis. 
852 8 |b CARM  |h A2:AK13G0  |i C10930  |p 0500468  |f BK 
999 f f |i e9e245df-e445-581e-8116-d79eaaa3d460  |s a458f9cd-fc16-5523-bcfe-151254a01ee1 
952 f f |p Can circulate  |a CAVAL  |b CAVAL  |c CAVAL  |d CARM 1 Store  |e C10930  |f A2:AK13G0  |h Other scheme  |i book  |m 0500468